000 00595nam a2200217Ia 4500
003 OSt
005 20220926005257.0
006 a|||||r|||| 00| 0
007 ta
008 220923b |||||||| |||| 00| 0 eng d
037 _cGeneral Book
040 _aRTL
_cRTL
_beng
041 _2eng
_aeng
082 _aX:3(9).N86, M6
245 0 _aSurvey of Research and Social Anthropology 1969-1979.
260 _a New Delhi
_bSatvahan Publications
_c1986
300 _axv,264p.
_ccm.
490 _vVol. iii
942 _hX:3(9).N86, M6
_cGB
_2CC
999 _c613400
_d613400